| 000 | 00877nam a2200217 a 4500 | ||
|---|---|---|---|
| 999 |
_c3336 _d3336 |
||
| 001 | 3336 | ||
| 003 | BD-JhCC | ||
| 005 | 20171112204344.0 | ||
| 008 | 171112s bg a|||| ||a| 000 0 ben d | ||
| 035 | _a(BD-JhCC)3336 | ||
| 040 |
_aBD-JhCC _dBD-JhCC |
||
| 041 | _aben | ||
| 082 |
_a032 _bCHO |
||
| 245 |
_aছোটদের বিশ্বকোষ / _cঅধ্যাপক শ্রীক্ষিতীন্দ্রনাথনারায়ণ ভট্টাচার্য সম্পাদনা |
||
| 260 |
_aকলিকাতা : _bবুকভিলা প্রকাশনী, _c১২. |
||
| 300 |
_a1268 p. : _bIll. ; _c24 cm. |
||
| 650 | _aChildren's encyclopedias and dictionaries | ||
| 700 | _aভট্টাচার্য , অধ্যাপক শ্রীক্ষিতীন্দ্র নারয়ণ | ||
| 942 |
_2ddc _cBK |
||